Word Ladder: A Night at the Opera Quiz Stats

 Plays Quiz Updated Aug 6, 2012

     
Support Sporcle.
Go Orange.
Score 0/31 Timer 03:00
1 Play Today
Clue 4-Letter Word % Correct
HIV causes thisAIDS
96.6%
Tries to procure an auction itemBIDS
92.2%
Young flowersBUDS
91%
Catholic serviceMASS
88%
Tired eyes have these under themBAGS
87.3%
Latin for in good faith: bona _____FIDE
87.3%
Flintstone's petDINO
86%
PleadsBEGS
85.9%
Clichéd dog nameFIDO
85.7%
To lose vigor, or brightnessFADE
84.7%
♫ Gershwin: Porgy and _____BESS
84.4%
Japanese rice wineSAKE
83.9%
PriceCOST
82.9%
ChaosMESS
82.6%
Onomatopoeia for a bellDING
82.3%
Performers putting on an operaCAST
81.5%
Clue 4-Letter Word % Correct
Structural feature on the Flying DutchmanMAST
81.3%
DroopsSAGS
80%
♫ Purcell: _____ and Aeneas ♫DIDO
78.2%
Singer of 'Smooth Operator'SADE
77.1%
♫ Verdi's Slave Girl ♫AIDA
75.1%
♫ Wagner's _____ Cycle ♫RING
72.9%
♫ Britten: Billy _____BUDD
66.5%
Astute scholarSAGE
63.8%
Like Don Giovanni's behaviorRUDE
62.7%
Comedian PaulRUDD
62.5%
Level in a hierarchical structureRUNG
61.9%
♫ Stravinsky: The _____'s Progress ♫RAKE
57.2%
The fury of PagliacciRAGE
55.9%
Character in olden Germanic alphabetRUNE
55.3%
♫ Mozart: ____ fan Tutte ♫COSI
44.7%

Today's Daily Dose

Missing Word
Brands of Alcohol

Word Ladder
A Little Room?

Get the Picture
SpongeBob Rivalry

From the Vault

Latin Chemical Elements

by davidr

Science 5m
Chemistry classes must have been much easier in Roman times — most of the elements hadn't been discovered.
Remove Ads.
Support Sporcle.
Get the best of Sporcle when you Go Orange. This ad-free experience offers more features, more stats, and more fun while also helping to support Sporcle. Thank you for becoming a member.

Show Comments

Extras

Top Quizzes Today


Score Distribution

Your Account Isn't Verified!

In order to create a playlist on Sporcle, you need to verify the email address you used during registration. Go to your Sporcle Settings to finish the process.

Report this User

Report this user for behavior that violates our Community Guidelines.

Details: